Le marketing évènementiel dans la stratégie de communication dˇOrange et de T-Mobile diplomová práca

Saved in:
Bibliographic Details
Main Author: Vrbová, Michaela
Corporate Author: Ekonomická univerzita v Bratislave. Ústav medzinárodných programov
Other Authors: Kita, Pavol
Format: Book
Language:French
Published: Bratislava 2011
Tags: Add Tag
No Tags, Be the first to tag this record!

MARC

LEADER 00000nam a2200000 4500
001 0150098
005 20240318114932.9
041 0 |a fre 
044 |a SK 
245 1 0 |a Le marketing évènementiel dans la stratégie de communication dˇOrange et de T-Mobile  |b diplomová práca  |c Michaela Vrbová ; školiteľ: Pavol Kita 
264 1 |a Bratislava  |c 2011 
300 |a 68 s. 
100 1 |a Vrbová, Michaela 
700 1 |a Kita, Pavol 
710 2 |a Ekonomická univerzita v Bratislave. Ústav medzinárodných programov